Länder nach ersten 2 Endbuchstaben in 390 Sekunden - Statistiken

Allgemein
  • Dieses Quiz wurde 144 mal gespielt
  • Das Durchschnittsergebnis liegt bei 175 aus 196
Antworten auf der Karte
Die Antworten werden auf der Karte rot bzw. grün angezeigt, abhängig davon wie oft sie richtig erraten wurden.
 
Antwortstatistiken
Land % Korrekt
Ägypten
98%
Albanien
98%
Algerien
98%
Antigua und Barbuda
98%
Argentinien
98%
Armenien
98%
Äthiopien
98%
Australien
98%
Belgien
98%
Bolivien
98%
Bosnien und Herzegowina
98%
Brasilien
98%
Bulgarien
98%
Deutschland
98%
Georgien
98%
Lettland
98%
Estland
98%
Finnland
98%
Grenada
98%
Griechenland
98%
Grossbritannien
98%
Indien
98%
Indonesien
98%
Irland
98%
Island
98%
Italien
98%
Jamaika
98%
Jemen
98%
Jordanien
98%
Kanada
98%
Kolumbien
98%
Komoren
98%
Kroatien
98%
Libyen
98%
Litauen
98%
Malediven
98%
Marokko
98%
Mauretanien
98%
Mexiko
98%
Mikronesien
98%
Neuseeland
98%
Nordmazedonien
98%
Norwegen
98%
Philippinen
98%
Polen
98%
Ruanda
98%
Rumänien
98%
Russland
98%
Saint Vincent und die Grenadinen
98%
Salomonen
98%
Saudi-Arabien
98%
Schweden
98%
Serbien
98%
Seychellen
98%
Slowenien
98%
Spanien
98%
Sri Lanka
98%
Südafrika
98%
Syrien
98%
Thailand
98%
Tschechien
98%
Tunesien
98%
Uganda
98%
Vereinigte Staaten
98%
Afghanistan
97%
Aserbaidschan
97%
Bangladesch
97%
Belarus
97%
Bhutan
97%
Botswana
97%
Brunei
97%
China
97%
Madagaskar
97%
Frankreich
97%
Ghana
97%
Guyana
97%
Iran
97%
Japan
97%
Kasachstan
97%
Katar
97%
Kirgisistan
97%
Mauritius
97%
Mongolei
97%
Myanmar
97%
Oman
97%
Österreich
97%
Slowakei
97%
Sudan
97%
Südsudan
97%
Tadschikistan
97%
Taiwan
97%
Türkei
97%
Turkmenistan
97%
Usbekistan
97%
Vatikanstadt
97%
Chile
96%
Dänemark
96%
Nepal
96%
Portugal
96%
Senegal
96%
Sierra Leone
96%
Ukraine
96%
Angola
95%
Äquatorialguinea
95%
Eritrea
95%
Guatemala
95%
Guinea
95%
Nordkorea
95%
Pakistan
95%
Papua-Neuguinea
95%
Südkorea
95%
Venezuela
95%
Gambia
94%
Kap Verde
94%
Kenia
94%
Liberia
94%
Malaysia
94%
Namibia
94%
Niederlande
94%
Nigeria
94%
Saint Lucia
94%
Sambia
94%
Somalia
94%
Surinam
94%
Tansania
94%
Vietnam
94%
Demokratische Republik Kongo
93%
Republik Kongo
93%
Togo
93%
Trinidad und Tobago
93%
Dominikanische Republik
92%
Mosambik
92%
Paraguay
92%
Uruguay
92%
Zentralafrikanische Republik
92%
Ecuador
91%
Elfenbeinküste
91%
El Salvador
91%
Nauru
91%
Osttimor
91%
Peru
91%
Schweiz
91%
Vereinigte Arabische Emirate
91%
Ungarn
89%
Zypern
89%
Dschibuti
88%
Haiti
88%
Kiribati
88%
Panama
87%
Barbados
86%
Irak
86%
Laos
86%
Bahamas
85%
Honduras
85%
Bahrain
83%
Benin
83%
Kuba
83%
Liechtenstein
83%
Niger
83%
Mali
82%
Tschad
81%
Costa Rica
80%
Dominica
80%
Guinea-Bissau
79%
Kosovo
79%
Moldau
79%
Palau
79%
Kambodscha
77%
Lesotho
76%
Israel
75%
Nicaragua
75%
Montenegro
74%
Gabun
72%
Kamerun
72%
Belize
71%
Burkina Faso
68%
Kuwait
68%
Malta
67%
Eswatini
66%
Simbabwe
66%
Libanon
64%
Fidschi
62%
Malawi
62%
Tonga
61%
Luxemburg
60%
Samoa
59%
Tuvalu
55%
San Marino
54%
Vanuatu
54%
Monaco
53%
Andorra
52%
Marshallinseln
51%
Burundi
48%
São Tomé und Príncipe
42%
Singapur
42%
Saint Kitts und Nevis
33%
Keine übereinstimmenden Quizze gefunden
Verteilung der Resultate
Anzahl Personen mit jedem Resultat
Perzentil nach korrekt beantworteten Fragen
Ihre Resultats-Entwicklung
Sie haben dieses Quiz noch nicht gespielt